000 01680pam a22004454a 4500
001 5649820
003 ARRUPE
005 20140809020005.0
008 050615s2006 enka b 001 0 eng
010 _a 2005017167
015 _aGBA624734
_2bnb
016 7 _a013408363
_2Uk
020 _a0195178068 (cloth : alk. paper)
020 _a0195178076 (pbk. : alk. paper)
024 3 _a9780195178067
024 3 _a9780195178074
035 _a(OCoLC)OCM60776582
035 _a(NNC)5649820
040 _aDLC
_cDLC
_dBAKER
_dUKM
_dC#P
042 _apcc
050 0 0 _aBX830.1962
_b.A8F931 2006
100 _aRaymond F. Bulman
_9897
245 0 0 _aFrom Trent to Vatican II :
_bhistorical and theological investigations /
_cRaymond F. Bulman and Frederick J. Parrella, editors ; foreword by Jill Raitt.
246 3 _aFrom Trent to Vatican two
246 3 _aFrom Trent to Vatican 2
260 _aOxford ;
_aNew York :
_bOxford University Press,
_c2006.
300 _axix, 344 p. :
_bill. ;
_c24 cm.
504 _aIncludes bibliographical references and index.
610 2 0 _aCatholic Church
_xDoctrines
_xHistory
_yModern period, 1500-
_9898
611 2 0 _aVatican Council
_n(2nd :
_d1962-1965)
_9899
611 2 0 _aCouncil of Trent
_d(1545-1563 :
_cTrento, Italy)
_9900
700 1 _aBulman, Raymond F.,
_d1933-
_9901
700 1 _aParrella, Frederick J.
_9902
856 4 1 _3Table of contents
_uhttp://www.loc.gov/catdir/toc/ecip0515/2005017167.html
856 4 2 _3Publisher description
_uhttp://www.loc.gov/catdir/enhancements/fy0639/2005017167-d.html
942 _2lcc
_cMONOGRAPH
_01
948 1 _a20060712
_bc
_crad1
_dMPS
948 2 _a20060809
_ba
_crad1
_dMPS
999 _c117954
_d117954